Detalles MARC
| 000 -CABECERA |
| campo de control de longitud fija |
01003nam a2200193 a 4500 |
| 001 - NÚMERO DE CONTROL |
| campo de control |
000046076 |
| 005 - FECHA Y HORA DE LA ÚLTIMA TRANSACCIÓN |
| campo de control |
20240308073618.0 |
| 008 - DATOS DE LONGITUD FIJA--INFORMACIÓN GENERAL |
| campo de control de longitud fija |
150617s2005 dr 000 0 spa d |
| 020 ## - NÚMERO INTERNACIONAL ESTÁNDAR DEL LIBRO |
| Número Internacional Estándar del Libro |
9993491268 |
| 040 ## - FUENTE DE LA CATALOGACIÓN |
| Centro catalogador/agencia de origen |
DO-SdBNP |
| Lengua de catalogación |
spa |
| Centro/agencia transcriptor |
BNPHU |
| 082 ## - NÚMERO DE LA CLASIFICACIÓN DECIMAL DEWEY |
| Número de clasificación |
xxxx |
| Número de documento/Ítem |
xxxx |
| 100 1# - ENTRADA PRINCIPAL--NOMBRE DE PERSONA |
| Nombre de persona |
Deive, Carlos Esteban, |
| Fechas asociadas al nombre |
1935-2019 |
| 9 (RLIN) |
1916 |
| 245 10 - MENCIÓN DE TÍTULO |
| Título |
¿Quién se atreve con un entremés de Cristóbal de Llerena? : |
| Resto del título |
comedia en tres actos / |
| Mención de responsabilidad, etc. |
Carlos Esteban Deive. |
| 260 ## - PUBLICACIÓN, DISTRIBUCIÓN, ETC. |
| Lugar de publicación, distribución, etc. |
Santo Domingo : |
| Nombre del editor, distribuidor, etc. |
Casa de Teatro, |
| Fecha de publicación, distribución, etc. |
2005. |
| 300 ## - DESCRIPCIÓN FÍSICA |
| Extensión |
315 p. ; |
| Dimensiones |
21 cm. |
| 505 0# - NOTA DE CONTENIDO CON FORMATO |
| Nota de contenido con formato |
¿Quién se atreve con un entremés de Cristóbal de Llerena? / |
| Mención de responsabilidad |
Carlos Esteban Deive -- |
| Título |
Historia de una foto / |
| Mención de responsabilidad |
José Luis García -- |
| Título |
La conferencia / |
| Mención de responsabilidad |
Giovanny Cruz -- |
| Título |
Miches / |
| Mención de responsabilidad |
Julissa Rivera Céspedes -- |
| Título |
Dos mendigos, un muñeco y toda una ciudad / |
| Mención de responsabilidad |
Amauris Pérez Alcéquiez -- |
| Título |
Volando con el fakir / |
| Mención de responsabilidad |
Jesús del Castillo Rodríguez. |
| 586 ## - NOTA DE PREMIOS |
| Nota de premios |
Premio Internacional de Teatro, 2005 |
| 586 ## - NOTA DE PREMIOS |
| Nota de premios |
Premio Internacional de Teatro Casa de Teatro 2005 |